LEADER 02197nas 2200625- 450 001 9910130992003321 005 20221226230633.0 011 $a1997-1990 035 $a(OCoLC)654586972 035 $a(CKB)110978978383791 035 $a(CONSER)--2022238322 035 $a(EXLCZ)99110978978383791 100 $a20100810a19729999 --- - 101 0 $aeng 135 $aurbn||||||abp 135 $aurbn||||||ada 181 $ctxt$2rdacontent 182 $cc$2rdamedia 183 $acr$2rdacarrier 200 00$aCollective volume of scientific papers /$fInternational Commission for the Conservation of Atlantic Tunas 210 $aMadrid $cICCAT Secretariat$d1973- 215 $a1 online resource (volumes) $cillustrations 300 $aVolumes have distinctive titles. 311 $aPrint version: Collective volume of scientific papers / (DLC) 97649106 (DLC) 77554864 (DLC) 86119916 (DLC) 87462069 (OCoLC)6031963 1021-5212 517 1 $aRecueil de documents scientifiques 517 1 $aColección de documentos científicos 517 1 $aCol. vol. sci. pap. ICCAT 531 $aINT COMM CONSERV ATL TUNAS COLLECT VOL SCI PAP 531 0 $aCollect. vol. sci. pap. 606 $aTuna 606 $aTuna fisheries$zAtlantic Ocean 606 $aFish populations$zAtlantic Ocean 606 $aThons 606 $aThons$xPêche commerciale$zAtlantique, Océan 606 $aPoissons$xPopulations$zAtlantique, Océan 606 $aFish populations$2fast$3(OCoLC)fst00925935 606 $aTuna$2fast$3(OCoLC)fst01158814 606 $aTuna fisheries$2fast$3(OCoLC)fst01158823 607 $aAtlantic Ocean$2fast 608 $aPeriodicals.$2fast 615 0$aTuna. 615 0$aTuna fisheries 615 0$aFish populations 615 6$aThons. 615 6$aThons$xPêche commerciale 615 6$aPoissons$xPopulations 615 7$aFish populations. 615 7$aTuna. 615 7$aTuna fisheries. 676 $a598/.58 712 02$aInternational Commission for the Conservation of Atlantic Tunas, 906 $aJOURNAL 912 $a9910130992003321 996 $aCollective Volume of Scientific Papers$92244317 997 $aUNINA